<?xml version="1.0" encoding="UTF-8"?>
<record
    xmlns:xsi="http://www.w3.org/2001/XMLSchema-instance"
    xsi:schemaLocation="http://www.loc.gov/MARC21/slim http://www.loc.gov/standards/marcxml/schema/MARC21slim.xsd"
    xmlns="http://www.loc.gov/MARC21/slim">

  <leader>00784nam a22001577a 4500</leader>
  <controlfield tag="003">OSt</controlfield>
  <controlfield tag="005">20230313170137.0</controlfield>
  <controlfield tag="008">151112b        xxu||||| |||| 00| 0 eng d</controlfield>
  <datafield tag="040" ind1=" " ind2=" ">
    <subfield code="c">RUA</subfield>
  </datafield>
  <datafield tag="082" ind1=" " ind2=" ">
    <subfield code="a">FOR </subfield>
    <subfield code="2">CHA 2008 B135 Or.1</subfield>
  </datafield>
  <datafield tag="100" ind1=" " ind2=" ">
    <subfield code="9">3609</subfield>
    <subfield code="a">CHANTHY, SOMETA.</subfield>
  </datafield>
  <datafield tag="245" ind1=" " ind2=" ">
    <subfield code="a">Study on non-timber forest products her barium in chamkar preysne community forestry kampong chhnang province, &#x1780;&#x17B6;&#x179A;&#x179F;&#x17B7;&#x1780;&#x17D2;&#x179F;&#x17B6;&#x1796;&#x17B8;&#x1780;&#x17B6;&#x179A;&#x179F;&#x17C6;&#x1784;&#x17BD;&#x178F; &#x1793;&#x17B7;&#x1784;&#x1790;&#x17C2;&#x179A;&#x1780;&#x17D2;&#x179F;&#x17B6;&#x179F;&#x17C6;&#x178E;&#x17B6;&#x1780;&#x179A;&#x17BB;&#x1780;&#x17D2;&#x1781;&#x1787;&#x17B6;&#x178F;&#x17B7;&#x1796;&#x17B8;&#x17A2;&#x1793;&#x17BB;&#x1795;&#x179B;&#x1796;&#x17D2;&#x179A;&#x17C3;&#x1788;&#x17BE;&#x1793;&#x17C5;&#x179F;&#x17A0;&#x1782;&#x1798;&#x1793;&#x17CD;&#x1796;&#x17D2;&#x179A;&#x17C3;&#x1788;&#x17BE;&#x1785;&#x17C6;&#x1780;&#x17B6;&#x179A;&#x1796;&#x17D2;&#x179A;&#x17C3;&#x179F;&#x17D2;&#x1793;&#x17C1;&#x17A0;&#x17CD; &#x1781;&#x17C1;&#x178F;&#x17D2;&#x178F;&#x1780;&#x17C6;&#x1796;&#x1784;&#x17CB;&#x1786;&#x17D2;&#x1793;&#x17B6;&#x17C6;&#x1784;</subfield>
  </datafield>
  <datafield tag="260" ind1=" " ind2=" ">
    <subfield code="a">Phnom Penh</subfield>
    <subfield code="b">RUA</subfield>
    <subfield code="c">2008</subfield>
  </datafield>
  <datafield tag="300" ind1=" " ind2=" ">
    <subfield code="a">x; 56p.</subfield>
    <subfield code="b">ill.</subfield>
    <subfield code="c">29cm.</subfield>
  </datafield>
  <datafield tag="942" ind1=" " ind2=" ">
    <subfield code="2">ddc</subfield>
    <subfield code="c">FOR</subfield>
  </datafield>
  <datafield tag="999" ind1=" " ind2=" ">
    <subfield code="c">3360</subfield>
    <subfield code="d">3360</subfield>
  </datafield>
  <datafield tag="952" ind1=" " ind2=" ">
    <subfield code="0">0</subfield>
    <subfield code="1">0</subfield>
    <subfield code="2">ddc</subfield>
    <subfield code="4">0</subfield>
    <subfield code="6">FOR_CHA_2008_000000000000000_B135_OR_1</subfield>
    <subfield code="7">0</subfield>
    <subfield code="9">15776</subfield>
    <subfield code="a">LBB</subfield>
    <subfield code="b">LBB</subfield>
    <subfield code="c">B135</subfield>
    <subfield code="d">2015-11-12</subfield>
    <subfield code="o">FOR CHA 2008 B135 Or.1</subfield>
    <subfield code="p">RUA028491</subfield>
    <subfield code="r">2015-11-12</subfield>
    <subfield code="w">2015-11-12</subfield>
    <subfield code="y">FOR</subfield>
  </datafield>
  <datafield tag="952" ind1=" " ind2=" ">
    <subfield code="0">0</subfield>
    <subfield code="1">0</subfield>
    <subfield code="2">ddc</subfield>
    <subfield code="4">0</subfield>
    <subfield code="6">FOR_CHA_2008_000000000000000_B136_OR_2</subfield>
    <subfield code="7">0</subfield>
    <subfield code="9">15777</subfield>
    <subfield code="a">LBB</subfield>
    <subfield code="b">LBB</subfield>
    <subfield code="c">B136</subfield>
    <subfield code="d">2015-11-12</subfield>
    <subfield code="o">FOR CHA 2008 B136 Or.2</subfield>
    <subfield code="p">RUA028117</subfield>
    <subfield code="r">2015-11-12</subfield>
    <subfield code="w">2015-11-12</subfield>
    <subfield code="y">FOR</subfield>
  </datafield>
  <datafield tag="952" ind1=" " ind2=" ">
    <subfield code="0">0</subfield>
    <subfield code="1">0</subfield>
    <subfield code="2">ddc</subfield>
    <subfield code="4">0</subfield>
    <subfield code="6">FOR_CHA_2008_000000000000000_B135_OR_3</subfield>
    <subfield code="7">0</subfield>
    <subfield code="9">15778</subfield>
    <subfield code="a">LBB</subfield>
    <subfield code="b">LBB</subfield>
    <subfield code="c">B135</subfield>
    <subfield code="d">2015-11-12</subfield>
    <subfield code="o">FOR CHA 2008 B135 Or.3</subfield>
    <subfield code="p">RUA028851</subfield>
    <subfield code="r">2015-11-12</subfield>
    <subfield code="w">2015-11-12</subfield>
    <subfield code="y">FOR</subfield>
  </datafield>
  <datafield tag="952" ind1=" " ind2=" ">
    <subfield code="0">0</subfield>
    <subfield code="1">0</subfield>
    <subfield code="2">ddc</subfield>
    <subfield code="4">0</subfield>
    <subfield code="6">FOR_CHA_2008_000000000000000_B135_OR_4</subfield>
    <subfield code="7">0</subfield>
    <subfield code="9">15779</subfield>
    <subfield code="a">LBB</subfield>
    <subfield code="b">LBB</subfield>
    <subfield code="c">B135</subfield>
    <subfield code="d">2015-11-12</subfield>
    <subfield code="o">FOR CHA 2008 B135 Or.4</subfield>
    <subfield code="p">RUA028206</subfield>
    <subfield code="r">2015-11-12</subfield>
    <subfield code="w">2015-11-12</subfield>
    <subfield code="y">FOR</subfield>
  </datafield>
  <datafield tag="952" ind1=" " ind2=" ">
    <subfield code="0">0</subfield>
    <subfield code="1">0</subfield>
    <subfield code="2">ddc</subfield>
    <subfield code="4">0</subfield>
    <subfield code="6">FOR_CHA_2008_000000000000000_B136_OR_5</subfield>
    <subfield code="7">0</subfield>
    <subfield code="9">15780</subfield>
    <subfield code="a">LBB</subfield>
    <subfield code="b">LBB</subfield>
    <subfield code="c">B136</subfield>
    <subfield code="d">2015-11-12</subfield>
    <subfield code="l">1</subfield>
    <subfield code="o">FOR CHA 2008 B136 Or.5</subfield>
    <subfield code="p">RUA028134</subfield>
    <subfield code="r">2022-11-02</subfield>
    <subfield code="s">2022-10-12</subfield>
    <subfield code="w">2015-11-12</subfield>
    <subfield code="y">FOR</subfield>
  </datafield>
  <datafield tag="952" ind1=" " ind2=" ">
    <subfield code="0">0</subfield>
    <subfield code="1">0</subfield>
    <subfield code="2">ddc</subfield>
    <subfield code="4">0</subfield>
    <subfield code="6">FOR_CHA_2008_000000000000000_B135_OR_6</subfield>
    <subfield code="7">0</subfield>
    <subfield code="9">15781</subfield>
    <subfield code="a">LBB</subfield>
    <subfield code="b">LBB</subfield>
    <subfield code="c">B135</subfield>
    <subfield code="d">2015-11-12</subfield>
    <subfield code="o">FOR CHA 2008 B135 Or.6</subfield>
    <subfield code="p">RUA028136</subfield>
    <subfield code="r">2015-11-12</subfield>
    <subfield code="w">2015-11-12</subfield>
    <subfield code="y">FOR</subfield>
  </datafield>
  <datafield tag="952" ind1=" " ind2=" ">
    <subfield code="0">0</subfield>
    <subfield code="1">0</subfield>
    <subfield code="2">ddc</subfield>
    <subfield code="4">0</subfield>
    <subfield code="6">FOR_CHA_2008_000000000000000_B135_OR_7</subfield>
    <subfield code="7">0</subfield>
    <subfield code="9">15974</subfield>
    <subfield code="a">LBB</subfield>
    <subfield code="b">LBB</subfield>
    <subfield code="c">B135</subfield>
    <subfield code="d">2015-11-13</subfield>
    <subfield code="l">1</subfield>
    <subfield code="o">FOR CHA 2008 B135 Or.7</subfield>
    <subfield code="p">RUA027045</subfield>
    <subfield code="r">2019-03-06</subfield>
    <subfield code="s">2019-02-08</subfield>
    <subfield code="w">2015-11-13</subfield>
    <subfield code="y">FOR</subfield>
  </datafield>
  <datafield tag="952" ind1=" " ind2=" ">
    <subfield code="0">0</subfield>
    <subfield code="1">0</subfield>
    <subfield code="2">ddc</subfield>
    <subfield code="4">0</subfield>
    <subfield code="6">FOR_CHA_2008_000000000000000_B135_OR_8</subfield>
    <subfield code="7">0</subfield>
    <subfield code="9">15975</subfield>
    <subfield code="a">LBB</subfield>
    <subfield code="b">LBB</subfield>
    <subfield code="c">B135</subfield>
    <subfield code="d">2015-11-13</subfield>
    <subfield code="o">FOR CHA 2008 B135 Or.8</subfield>
    <subfield code="p">RUA027115</subfield>
    <subfield code="r">2015-11-13</subfield>
    <subfield code="w">2015-11-13</subfield>
    <subfield code="y">FOR</subfield>
  </datafield>
  <datafield tag="952" ind1=" " ind2=" ">
    <subfield code="0">0</subfield>
    <subfield code="1">0</subfield>
    <subfield code="2">ddc</subfield>
    <subfield code="4">0</subfield>
    <subfield code="6">FOR_CHA_2008_000000000000000_B135_OR_9</subfield>
    <subfield code="7">0</subfield>
    <subfield code="9">15976</subfield>
    <subfield code="a">LBB</subfield>
    <subfield code="b">LBB</subfield>
    <subfield code="c">B135</subfield>
    <subfield code="d">2015-11-13</subfield>
    <subfield code="o">FOR CHA 2008 B135 Or.9</subfield>
    <subfield code="p">RUA027063</subfield>
    <subfield code="r">2015-11-13</subfield>
    <subfield code="w">2015-11-13</subfield>
    <subfield code="y">FOR</subfield>
  </datafield>
  <datafield tag="952" ind1=" " ind2=" ">
    <subfield code="0">0</subfield>
    <subfield code="1">0</subfield>
    <subfield code="2">ddc</subfield>
    <subfield code="4">0</subfield>
    <subfield code="6">FOR_CHA_2008_000000000000000_B135_OR_10</subfield>
    <subfield code="7">0</subfield>
    <subfield code="9">15977</subfield>
    <subfield code="a">LBB</subfield>
    <subfield code="b">LBB</subfield>
    <subfield code="c">B135</subfield>
    <subfield code="d">2015-11-13</subfield>
    <subfield code="o">FOR CHA 2008 B135 Or.10</subfield>
    <subfield code="p">RUA027118</subfield>
    <subfield code="r">2015-11-13</subfield>
    <subfield code="w">2015-11-13</subfield>
    <subfield code="y">FOR</subfield>
  </datafield>
</record>
